Countries With The Most Italian Speakers - Statistics

General Stats
  • This quiz has been taken 112 times
    8 since last reset
  • The average score is 18 of 25
Answer Stats
Total Country % Correct
57,49 mil Italy
100%
89,450 Austria
88%
200,670 Canada
88%
656,780 France
88%
677,450 Germany
88%
4,250 Portugal
88%
111,920 Spain
88%
693,900 Switzerland
88%
102,240 United Kingdom
88%
375,660 United States
88%
985,000 Argentina
75%
1,23 mil Brazil
75%
15,500 Chile
75%
195,230 Australia
63%
190,670 Belgium
63%
88,510 Colombia
63%
12,850 Ireland
63%
22,530 Libya
63%
17,100 Netherlands
63%
25,000 San Marino
63%
32,020 Tunisia
63%
75,240 Uruguay
63%
18,570 Croatia
50%
7,320 Paraguay
38%
20,150 Venezuela
38%
No matching quizzes found
Score Distribution
Percent of People with Each Score
Percentile by Number Answered
Your Score History
You have not taken this quiz since the last reset